[Event "Open"]
[Site "Maastricht, NL"]
[Date "2025.06.07"]
[Round "2"]
[White "Lenaerts, Lennert"]
[Black "Steffens, Olaf"]
[Result "1-0"]
[Board "11"]
[WhiteFideId "211435"]
[BlackFideId "4630564"]
[WhiteTitle "FM"]
[BlackTitle "FM"]
[WhiteElo "2337"]
[BlackElo "2157"]
[WhiteTeam "BEL"]
[BlackTeam "GER"]
[WhiteClock "0:08:56"]
[BlackClock "0:00:59"]
[Variant "Standard"]

1. e4 {[%clk 1:30:54]}  Nc6 {[%clk 1:25:03]} 2. Nf3 {[%clk 1:31:18]}  d6 {[%clk 1:24:26]} 3. d4 {[%clk 1:31:32]}  Nf6 {[%clk 1:24:34]} 4. Nc3 {[%clk 1:31:38]}  g6 {[%clk 1:24:51]} 5. Be3 {[%clk 1:31:30]}  Bg7 {[%clk 1:25:01]} 6. Qd2 {[%clk 1:31:47]}  a6 {[%clk 1:19:35]} 7. Bh6 {[%clk 1:30:36]}  O-O {[%clk 1:19:46]} 8. Bxg7 {[%clk 1:23:49]}  Kxg7 {[%clk 1:20:02]} 9. d5 {[%clk 1:24:15]}  Na7 {[%clk 1:11:18]} 10. O-O-O {[%clk 1:18:17]}  Nb5 {[%clk 1:05:02]} 11. Nd4 {[%clk 1:13:11]}  c5 {[%clk 0:55:56]} 12. Ndxb5 {[%clk 1:03:31]}  axb5 {[%clk 0:56:14]} 13. Bxb5 {[%clk 1:03:55]}  Qa5 {[%clk 0:42:49]} 14. Qe2 {[%clk 1:00:49]}  Bd7 {[%clk 0:41:35]} 15. Bxd7 {[%clk 0:53:12]}  Nxd7 {[%clk 0:41:56]} 16. a3 {[%clk 0:50:25]}  b5 {[%clk 0:41:41]} 17. Nxb5 {[%clk 0:35:11]}  Rfb8 {[%clk 0:41:39]} 18. c4 {[%clk 0:35:29]}  Ne5 {[%clk 0:39:07]} 19. f4 {[%clk 0:32:19]}  Nxc4 {[%clk 0:39:06]} 20. Qxc4 {[%clk 0:32:41]}  Rxb5 {[%clk 0:39:19]} 21. Rhe1 {[%clk 0:27:51]}  Kg8 {[%clk 0:32:54]} 22. Re2 {[%clk 0:26:18]}  Rab8 {[%clk 0:30:13]} 23. Rdd2 {[%clk 0:25:25]}  Rb4 {[%clk 0:20:06]} 24. axb4 {[%clk 0:22:44]}  Qa1+ {[%clk 0:19:52]} 25. Kc2 {[%clk 0:23:10]}  Rxb4 {[%clk 0:19:56]} 26. Qc3 {[%clk 0:23:30]}  Qa2 {[%clk 0:19:57]} 27. Qa3 {[%clk 0:19:18]}  Qc4+ {[%clk 0:20:06]} 28. Kd1 {[%clk 0:17:24]}  Ra4 {[%clk 0:18:20]} 29. Qc3 {[%clk 0:17:49]}  Ra1+ {[%clk 0:17:05]} 30. Kc2 {[%clk 0:18:15]}  Qa2 {[%clk 0:11:00]} 31. Kd3 {[%clk 0:17:24]}  Qb1+ {[%clk 0:10:41]} 32. Ke3 {[%clk 0:16:53]}  Qg1+ {[%clk 0:09:22]} 33. Kf3 {[%clk 0:15:42]}  Qxh2 {[%clk 0:09:11]} 34. e5 {[%clk 0:13:45]}  Ra4 {[%clk 0:05:43]} 35. Re4 {[%clk 0:12:09]}  Qh5+ {[%clk 0:05:19]} 36. Ke3 {[%clk 0:12:19]}  Ra1 {[%clk 0:05:12]} 37. Re2 {[%clk 0:11:35]}  Qh1 {[%clk 0:01:37]} 38. exd6 {[%clk 0:11:36]}  Qg1+ {[%clk 0:01:59]} 39. Kf3 {[%clk 0:11:27]}  Rf1+ {[%clk 0:02:27]} 40. Kg3 {[%clk 0:11:50]}  h5 {[%clk 0:01:04]} 41. dxe7 {[%clk 0:11:47]}  h4+ {[%clk 0:01:22]} 42. Kxh4 {[%clk 0:11:19]}  Qh2+ {[%clk 0:01:19]} 43. Kg4 {[%clk 0:08:45]}  Kh7 {[%clk 0:00:59]} 44. Qh3+ {[%clk 0:08:56]} 1-0

[Event "Open"]
[Site "Maastricht, NL"]
[Date "2025.06.07"]
[Round "2"]
[White "Tomme, Lowie"]
[Black "Goudriaan, Etienne"]
[Result "1-0"]
[Board "12"]
[WhiteFideId "228338"]
[BlackFideId "1021150"]
[BlackTitle "IM"]
[WhiteElo "2151"]
[BlackElo "2331"]
[WhiteTeam "BEL"]
[BlackTeam "NED"]
[WhiteClock "0:02:29"]
[BlackClock "0:28:41"]
[Variant "Standard"]

1. d4 {[%clk 1:26:31]}  Nf6 {[%clk 1:30:53]} 2. c4 {[%clk 1:25:53]}  e6 {[%clk 1:31:17]} 3. Nf3 {[%clk 1:24:11]}  Bb4+ {[%clk 1:29:55]} 4. Nbd2 {[%clk 1:22:52]}  d5 {[%clk 1:30:18]} 5. Qa4+ {[%clk 1:09:48]}  Nc6 {[%clk 1:28:47]} 6. a3 {[%clk 1:10:06]}  Be7 {[%clk 1:29:08]} 7. e3 {[%clk 1:00:32]}  a5 {[%clk 1:27:41]} 8. b4 {[%clk 0:55:21]}  O-O {[%clk 1:22:46]} 9. b5 {[%clk 0:51:55]}  Nb8 {[%clk 1:23:11]} 10. Be2 {[%clk 0:46:23]}  c5 {[%clk 1:21:35]} 11. Bb2 {[%clk 0:43:59]}  Nbd7 {[%clk 1:21:38]} 12. O-O {[%clk 0:42:02]}  b6 {[%clk 1:20:07]} 13. Ne5 {[%clk 0:34:47]}  Bb7 {[%clk 1:15:32]} 14. Nc6 {[%clk 0:30:15]}  Qe8 {[%clk 1:12:35]} 15. Bf3 {[%clk 0:24:27]}  Rc8 {[%clk 1:08:22]} 16. cxd5 {[%clk 0:20:06]}  exd5 {[%clk 1:08:38]} 17. e4 {[%clk 0:19:51]}  dxe4 {[%clk 1:01:10]} 18. Nxe4 {[%clk 0:20:15]}  Nxe4 {[%clk 0:59:46]} 19. Bxe4 {[%clk 0:20:40]}  Nf6 {[%clk 1:00:09]} 20. Bf3 {[%clk 0:18:23]}  cxd4 {[%clk 0:53:44]} 21. Bxd4 {[%clk 0:13:13]}  Bxc6 {[%clk 0:51:27]} 22. bxc6 {[%clk 0:13:32]}  Qd8 {[%clk 0:51:42]} 23. Rfd1 {[%clk 0:11:01]}  Qc7 {[%clk 0:51:59]} 24. Rab1 {[%clk 0:10:46]}  Qf4 {[%clk 0:48:05]} 25. Qb3 {[%clk 0:07:40]}  a4 {[%clk 0:44:12]} 26. Qc3 {[%clk 0:06:00]}  Ne4 {[%clk 0:39:03]} 27. Qc2 {[%clk 0:06:00]}  f5 {[%clk 0:38:45]} 28. Be3 {[%clk 0:04:10]}  Qe5 {[%clk 0:37:54]} 29. Qc4+ {[%clk 0:04:20]}  Kh8 {[%clk 0:38:18]} 30. Rd5 {[%clk 0:04:33]}  Qc3 {[%clk 0:36:18]} 31. Qxa4 {[%clk 0:03:14]}  Qxc6 {[%clk 0:36:45]} 32. Qxc6 {[%clk 0:02:41]}  Rxc6 {[%clk 0:37:13]} 33. Rxf5 {[%clk 0:02:37]}  Rxf5 {[%clk 0:36:09]} 34. Bxe4 {[%clk 0:03:02]}  Rcf6 {[%clk 0:33:57]} 35. Bxf5 {[%clk 0:03:26]}  Rxf5 {[%clk 0:34:22]} 36. g4 {[%clk 0:01:15]}  Ra5 {[%clk 0:33:45]} 37. Bxb6 {[%clk 0:00:59]}  Ra8 {[%clk 0:32:10]} 38. a4 {[%clk 0:01:10]}  h5 {[%clk 0:32:38]} 39. a5 {[%clk 0:00:56]}  hxg4 {[%clk 0:33:05]} 40. Ra1 {[%clk 0:00:35]}  Kg8 {[%clk 0:33:23]} 41. a6 {[%clk 0:00:35]}  Kf7 {[%clk 0:33:48]} 42. a7 {[%clk 0:00:58]}  Ke6 {[%clk 0:34:02]} 43. Rd1 {[%clk 0:00:37]}  Bd6 {[%clk 0:34:14]} 44. Be3 {[%clk 0:00:45]}  Be5 {[%clk 0:33:50]} 45. Kg2 {[%clk 0:00:47]}  Rh8 {[%clk 0:33:26]} 46. f4 {[%clk 0:00:35]}  gxf3+ {[%clk 0:33:18]} 47. Kxf3 {[%clk 0:01:02]}  Bxh2 {[%clk 0:33:10]} 48. Bb6 {[%clk 0:00:59]}  Bd6 {[%clk 0:33:20]} 49. Rg1 {[%clk 0:00:40]}  Be5 {[%clk 0:32:51]} 50. Re1 {[%clk 0:00:42]}  Kd5 {[%clk 0:32:05]} 51. Kg4 {[%clk 0:00:34]}  Bf6 {[%clk 0:29:23]} 52. Rc1 {[%clk 0:00:51]}  Be5 {[%clk 0:27:08]} 53. Rc5+ {[%clk 0:00:56]}  Kd6 {[%clk 0:26:38]} 54. Rxe5 {[%clk 0:01:13]}  Kc6 {[%clk 0:26:41]} 55. Be3 {[%clk 0:00:42]}  Rg8 {[%clk 0:26:44]} 56. Re7 {[%clk 0:00:50]}  g6 {[%clk 0:26:20]} 57. Bf4 {[%clk 0:00:38]}  Ra8 {[%clk 0:26:30]} 58. Bb8 {[%clk 0:00:48]}  Kb6 {[%clk 0:26:51]} 59. Kg5 {[%clk 0:01:02]}  Kc6 {[%clk 0:27:20]} 60. Kxg6 {[%clk 0:01:21]}  Kb6 {[%clk 0:27:49]} 61. Kf6 {[%clk 0:01:43]}  Kc6 {[%clk 0:28:16]} 62. Ke6 {[%clk 0:02:07]}  Kb6 {[%clk 0:28:41]} 63. Kd6 {[%clk 0:02:29]} 1-0

[Event "Open"]
[Site "Maastricht, NL"]
[Date "2025.06.07"]
[Round "3"]
[White "Warmerdam, Max"]
[Black "Lenaerts, Lennert"]
[Result "1/2-1/2"]
[Board "1"]
[WhiteFideId "1048104"]
[BlackFideId "211435"]
[WhiteTitle "GM"]
[BlackTitle "FM"]
[WhiteElo "2613"]
[BlackElo "2337"]
[WhiteTeam "NED"]
[BlackTeam "BEL"]
[WhiteClock "0:00:53"]
[BlackClock "0:31:14"]
[Variant "Standard"]

1. e4 {[%clk 1:25:40]}  c5 {[%clk 1:30:40]} 2. Nf3 {[%clk 1:25:30]}  e6 {[%clk 1:30:56]} 3. d4 {[%clk 1:23:47]}  cxd4 {[%clk 1:31:21]} 4. Nxd4 {[%clk 1:24:12]}  Nc6 {[%clk 1:31:37]} 5. g3 {[%clk 1:21:15]}  d5 {[%clk 1:28:51]} 6. Bg2 {[%clk 1:18:24]}  dxe4 {[%clk 1:27:46]} 7. Nxc6 {[%clk 1:18:03]}  Qxd1+ {[%clk 1:28:10]} 8. Kxd1 {[%clk 1:18:29]}  bxc6 {[%clk 1:28:36]} 9. Bxe4 {[%clk 1:18:53]}  Bb7 {[%clk 1:23:41]} 10. c4 {[%clk 1:00:14]}  Nf6 {[%clk 1:19:20]} 11. Bf3 {[%clk 0:58:39]}  O-O-O+ {[%clk 1:19:03]} 12. Ke2 {[%clk 0:57:02]}  Bc5 {[%clk 1:19:29]} 13. Nd2 {[%clk 0:44:24]}  Bd4 {[%clk 1:13:20]} 14. Rb1 {[%clk 0:41:58]}  e5 {[%clk 1:04:59]} 15. Re1 {[%clk 0:35:15]}  Rhe8 {[%clk 0:59:17]} 16. Kf1 {[%clk 0:27:18]}  c5 {[%clk 0:58:14]} 17. Bxb7+ {[%clk 0:27:42]}  Kxb7 {[%clk 0:58:42]} 18. f3 {[%clk 0:27:47]}  e4 {[%clk 0:43:48]} 19. Nxe4 {[%clk 0:15:23]}  Nxe4 {[%clk 0:44:01]} 20. fxe4 {[%clk 0:15:38]}  Re6 {[%clk 0:43:05]} 21. Bf4 {[%clk 0:06:48]}  Rde8 {[%clk 0:39:20]} 22. b4 {[%clk 0:07:01]}  Rxe4 {[%clk 0:35:52]} 23. Rxe4 {[%clk 0:02:05]}  Rxe4 {[%clk 0:36:20]} 24. b5 {[%clk 0:01:54]}  Be5 {[%clk 0:31:44]} 25. Bxe5 {[%clk 0:01:42]}  Rxe5 {[%clk 0:32:11]} 26. Rd1 {[%clk 0:01:28]}  Re4 {[%clk 0:29:39]} 27. Rd7+ {[%clk 0:01:52]}  Kb6 {[%clk 0:30:08]} 28. Rd6+ {[%clk 0:02:16]}  Kb7 {[%clk 0:30:24]} 29. Rd7+ {[%clk 0:02:39]}  Kb6 {[%clk 0:30:53]} 30. Rd6+ {[%clk 0:00:52]}  Kb7 {[%clk 0:31:14]} 31. Rd7+ {[%clk 0:00:53]} 1/2-1/2

[Event "Open"]
[Site "Maastricht, NL"]
[Date "2025.06.07"]
[Round "3"]
[White "Elgersma, Onno"]
[Black "Bok, Benjamin"]
[Result "0-1"]
[Board "2"]
[WhiteFideId "1053531"]
[BlackFideId "1017063"]
[WhiteTitle "FM"]
[BlackTitle "GM"]
[WhiteElo "2393"]
[BlackElo "2582"]
[WhiteTeam "NED"]
[BlackTeam "NED"]
[WhiteClock "0:00:00"]
[BlackClock "0:00:52"]
[Variant "Standard"]

1. Nf3 {[%clk 1:29:53]}  d5 {[%clk 1:25:30]} 2. b3 {[%clk 1:29:55]}  Bf5 {[%clk 1:25:44]} 3. Bb2 {[%clk 1:30:02]}  e6 {[%clk 1:26:08]} 4. g3 {[%clk 1:29:19]}  h6 {[%clk 1:26:23]} 5. Bg2 {[%clk 1:29:39]}  Nf6 {[%clk 1:26:47]} 6. O-O {[%clk 1:29:42]}  Be7 {[%clk 1:27:13]} 7. d3 {[%clk 1:29:50]}  O-O {[%clk 1:27:38]} 8. Nc3 {[%clk 1:30:13]}  Bh7 {[%clk 1:22:40]} 9. e4 {[%clk 1:26:20]}  c6 {[%clk 1:20:59]} 10. Nd2 {[%clk 1:23:52]}  a5 {[%clk 1:19:55]} 11. Kh1 {[%clk 1:18:36]}  Na6 {[%clk 1:13:52]} 12. f4 {[%clk 1:13:00]}  b5 {[%clk 1:14:15]} 13. e5 {[%clk 0:55:58]}  Nd7 {[%clk 1:12:26]} 14. a4 {[%clk 0:55:43]}  bxa4 {[%clk 1:10:49]} 15. Rxa4 {[%clk 0:50:08]}  Qc7 {[%clk 1:04:12]} 16. Ne2 {[%clk 0:41:25]}  Nac5 {[%clk 0:59:29]} 17. Ra2 {[%clk 0:33:17]}  a4 {[%clk 0:59:15]} 18. bxa4 {[%clk 0:28:53]}  Nxa4 {[%clk 0:56:15]} 19. Ba1 {[%clk 0:28:55]}  Nab6 {[%clk 0:55:49]} 20. Rxa8 {[%clk 0:29:11]}  Rxa8 {[%clk 0:56:16]} 21. g4 {[%clk 0:22:08]}  c5 {[%clk 0:53:42]} 22. Nf3 {[%clk 0:20:38]}  c4 {[%clk 0:40:39]} 23. Nfd4 {[%clk 0:20:24]}  cxd3 {[%clk 0:32:38]} 24. cxd3 {[%clk 0:20:43]}  Bf8 {[%clk 0:31:24]} 25. Nc3 {[%clk 0:09:13]}  Nc5 {[%clk 0:28:08]} 26. Ncb5 {[%clk 0:08:41]}  Qd7 {[%clk 0:27:43]} 27. f5 {[%clk 0:08:48]}  Ra5 {[%clk 0:25:45]} 28. Qf3 {[%clk 0:07:14]}  Ra8 {[%clk 0:11:38]} 29. Qg3 {[%clk 0:05:34]}  Nb3 {[%clk 0:10:09]} 30. Nxb3 {[%clk 0:05:15]}  Qxb5 {[%clk 0:10:38]} 31. Nd4 {[%clk 0:05:31]}  Qd7 {[%clk 0:07:38]} 32. g5 {[%clk 0:03:54]}  hxg5 {[%clk 0:04:58]} 33. Qxg5 {[%clk 0:03:54]}  exf5 {[%clk 0:00:40]} 34. Bh3 {[%clk 0:04:10]}  Qe7 {[%clk 0:00:52]} 35. Qg1 {[%clk 0:00:00]} 0-1

[Event "Open"]
[Site "Maastricht, NL"]
[Date "2025.06.07"]
[Round "3"]
[White "Gurevich, Mikhail"]
[Black "Donker, Roel"]
[Result "1-0"]
[Board "3"]
[WhiteFideId "200930"]
[BlackFideId "1031660"]
[WhiteTitle "GM"]
[BlackTitle "CM"]
[WhiteElo "2567"]
[BlackElo "2213"]
[WhiteTeam "BEL"]
[BlackTeam "NED"]
[WhiteClock "0:22:04"]
[BlackClock "0:03:13"]
[Variant "Standard"]

1. d4 {[%clk 1:30:48]}  d5 {[%clk 1:30:51]} 2. c4 {[%clk 1:31:12]}  c6 {[%clk 1:31:14]} 3. Nf3 {[%clk 1:31:30]}  Nf6 {[%clk 1:31:32]} 4. Qb3 {[%clk 1:31:53]}  dxc4 {[%clk 1:21:25]} 5. Qxc4 {[%clk 1:32:01]}  b5 {[%clk 1:21:44]} 6. Qc2 {[%clk 1:30:46]}  Bg4 {[%clk 1:19:30]} 7. Nbd2 {[%clk 1:28:50]}  e6 {[%clk 1:18:19]} 8. a3 {[%clk 1:27:33]}  Qb6 {[%clk 1:16:18]} 9. h3 {[%clk 1:24:42]}  Bh5 {[%clk 1:13:24]} 10. e3 {[%clk 1:15:46]}  Nbd7 {[%clk 1:07:45]} 11. Nh4 {[%clk 1:14:39]}  c5 {[%clk 1:04:53]} 12. g4 {[%clk 1:14:46]}  cxd4 {[%clk 0:44:56]} 13. Nb3 {[%clk 1:11:05]}  Bg6 {[%clk 0:41:53]} 14. Nxg6 {[%clk 1:10:01]}  hxg6 {[%clk 0:42:20]} 15. Bg2 {[%clk 1:03:11]}  d3 {[%clk 0:36:56]} 16. Qxd3 {[%clk 1:02:15]}  Rd8 {[%clk 0:37:14]} 17. Nd4 {[%clk 0:57:20]}  a6 {[%clk 0:26:22]} 18. Qc2 {[%clk 0:45:34]}  e5 {[%clk 0:20:14]} 19. Nb3 {[%clk 0:36:19]}  Be7 {[%clk 0:16:03]} 20. g5 {[%clk 0:34:19]}  Nh7 {[%clk 0:13:19]} 21. h4 {[%clk 0:34:41]}  Nhf8 {[%clk 0:13:34]} 22. Bd2 {[%clk 0:34:51]}  b4 {[%clk 0:12:08]} 23. Qc4 {[%clk 0:30:13]}  a5 {[%clk 0:07:19]} 24. axb4 {[%clk 0:24:45]}  Bxb4 {[%clk 0:07:42]} 25. Bxb4 {[%clk 0:24:15]}  Qxb4+ {[%clk 0:07:21]} 26. Qxb4 {[%clk 0:24:16]}  axb4 {[%clk 0:07:49]} 27. Ra7 {[%clk 0:23:38]}  Rc8 {[%clk 0:03:28]} 28. Kd2 {[%clk 0:21:47]}  Rc4 {[%clk 0:02:59]} 29. Na5 {[%clk 0:21:28]}  Rcxh4 {[%clk 0:02:45]} 30. Rxh4 {[%clk 0:21:41]}  Rxh4 {[%clk 0:03:13]} 31. Nc6 {[%clk 0:22:04]} 1-0

[Event "Open"]
[Site "Maastricht, NL"]
[Date "2025.06.07"]
[Round "3"]
[White "Schmitz, Philipp"]
[Black "Laurent-Paoli, Pierre"]
[Result "0-1"]
[Board "4"]
[WhiteFideId "1270142"]
[BlackFideId "26017962"]
[BlackTitle "GM"]
[WhiteElo "2164"]
[BlackElo "2545"]
[WhiteTeam "GER"]
[BlackTeam "FRA"]
[WhiteClock "0:11:10"]
[BlackClock "0:15:15"]
[Variant "Standard"]

1. e4 {[%clk 1:30:58]}  c5 {[%clk 1:23:03]} 2. Nf3 {[%clk 1:31:17]}  Nc6 {[%clk 1:23:24]} 3. d4 {[%clk 1:31:26]}  cxd4 {[%clk 1:23:47]} 4. Nxd4 {[%clk 1:31:52]}  Nf6 {[%clk 1:24:08]} 5. Nc3 {[%clk 1:32:16]}  e5 {[%clk 1:24:16]} 6. Ndb5 {[%clk 1:32:27]}  d6 {[%clk 1:24:38]} 7. Bg5 {[%clk 1:32:44]}  a6 {[%clk 1:25:03]} 8. Na3 {[%clk 1:33:08]}  b5 {[%clk 1:25:26]} 9. Nd5 {[%clk 1:33:33]}  Be7 {[%clk 1:25:48]} 10. Bxf6 {[%clk 1:33:42]}  Bxf6 {[%clk 1:26:09]} 11. c4 {[%clk 1:34:03]}  b4 {[%clk 1:26:29]} 12. Nc2 {[%clk 1:34:25]}  a5 {[%clk 1:26:43]} 13. b3 {[%clk 1:34:42]}  O-O {[%clk 1:26:25]} 14. h4 {[%clk 1:33:08]}  g6 {[%clk 1:18:35]} 15. g3 {[%clk 1:30:00]}  Be6 {[%clk 1:11:27]} 16. Bh3 {[%clk 1:26:44]}  Bxd5 {[%clk 1:10:27]} 17. cxd5 {[%clk 1:25:44]}  Nd4 {[%clk 1:10:17]} 18. O-O {[%clk 1:24:07]}  Ra7 {[%clk 0:48:01]} 19. Nxd4 {[%clk 1:10:18]}  exd4 {[%clk 0:48:12]} 20. a3 {[%clk 1:10:43]}  Qb6 {[%clk 0:36:55]} 21. Qd3 {[%clk 1:04:35]}  bxa3 {[%clk 0:35:53]} 22. Rxa3 {[%clk 1:04:57]}  Rc7 {[%clk 0:36:01]} 23. Rfa1 {[%clk 0:57:17]}  Rc3 {[%clk 0:36:21]} 24. Qd1 {[%clk 0:57:35]}  Bxh4 {[%clk 0:24:54]} 25. Rxa5 {[%clk 0:53:46]}  Bf6 {[%clk 0:25:19]} 26. Ra6 {[%clk 0:52:59]}  Qb8 {[%clk 0:25:09]} 27. Rb1 {[%clk 0:48:06]}  h5 {[%clk 0:25:32]} 28. Rc6 {[%clk 0:48:26]}  h4 {[%clk 0:25:10]} 29. Rxc3 {[%clk 0:41:16]}  dxc3 {[%clk 0:25:36]} 30. gxh4 {[%clk 0:39:22]}  Qb4 {[%clk 0:25:18]} 31. Qc2 {[%clk 0:36:29]}  Bxh4 {[%clk 0:22:17]} 32. e5 {[%clk 0:31:55]}  dxe5 {[%clk 0:21:56]} 33. Rc1 {[%clk 0:29:17]}  Qf4 {[%clk 0:22:16]} 34. Rf1 {[%clk 0:26:12]}  Rd8 {[%clk 0:17:46]} 35. Qxc3 {[%clk 0:19:35]}  Rxd5 {[%clk 0:18:00]} 36. Qc8+ {[%clk 0:14:11]}  Kg7 {[%clk 0:17:18]} 37. Qg4 {[%clk 0:13:16]}  Qxg4+ {[%clk 0:15:47]} 38. Bxg4 {[%clk 0:13:36]}  Rd2 {[%clk 0:16:07]} 39. Bf3 {[%clk 0:10:17]}  f5 {[%clk 0:15:47]} 40. Bc6 {[%clk 0:10:40]}  e4 {[%clk 0:15:11]} 41. b4 {[%clk 0:10:51]}  Rb2 {[%clk 0:15:36]} 42. b5 {[%clk 0:11:10]}  Kf6 {[%clk 0:15:15]} 0-1

[Event "Open"]
[Site "Maastricht, NL"]
[Date "2025.06.07"]
[Round "3"]
[White "Tomme, Lowie"]
[Black "Degraeve, Remy"]
[Result "0-1"]
[Board "5"]
[WhiteFideId "228338"]
[BlackFideId "26024560"]
[BlackTitle "IM"]
[WhiteElo "2151"]
[BlackElo "2425"]
[WhiteTeam "BEL"]
[BlackTeam "FRA"]
[WhiteClock "0:02:21"]
[BlackClock "0:53:24"]
[Variant "Standard"]

1. d4 {[%clk 1:30:52]}  d5 {[%clk 1:25:05]} 2. c4 {[%clk 1:30:15]}  e6 {[%clk 1:25:28]} 3. Nc3 {[%clk 1:30:08]}  Nf6 {[%clk 1:25:51]} 4. cxd5 {[%clk 1:30:09]}  exd5 {[%clk 1:26:15]} 5. Bg5 {[%clk 1:30:09]}  c6 {[%clk 1:26:32]} 6. Qc2 {[%clk 1:25:51]}  Be6 {[%clk 1:26:56]} 7. e3 {[%clk 1:24:37]}  Nbd7 {[%clk 1:26:40]} 8. Bd3 {[%clk 1:20:49]}  h6 {[%clk 1:27:03]} 9. Bh4 {[%clk 1:19:47]}  g5 {[%clk 1:27:26]} 10. Bg3 {[%clk 1:20:00]}  Nh5 {[%clk 1:27:49]} 11. Nge2 {[%clk 1:13:11]}  Nxg3 {[%clk 1:27:57]} 12. Nxg3 {[%clk 1:11:26]}  h5 {[%clk 1:28:04]} 13. O-O-O {[%clk 0:53:28]}  h4 {[%clk 1:28:09]} 14. Nf5 {[%clk 0:45:21]}  Qa5 {[%clk 1:27:50]} 15. g4 {[%clk 0:38:47]}  h3 {[%clk 1:28:12]} 16. Kb1 {[%clk 0:33:08]}  O-O-O {[%clk 1:27:47]} 17. f3 {[%clk 0:31:56]}  Kb8 {[%clk 1:28:11]} 18. Qf2 {[%clk 0:29:51]}  Ka8 {[%clk 1:23:17]} 19. Rc1 {[%clk 0:26:44]}  Nb6 {[%clk 1:20:08]} 20. Qg3 {[%clk 0:24:25]}  Bxf5 {[%clk 1:16:22]} 21. gxf5 {[%clk 0:23:39]}  f6 {[%clk 1:15:30]} 22. Qf2 {[%clk 0:20:31]}  a6 {[%clk 1:14:00]} 23. Rc2 {[%clk 0:18:58]}  Bd6 {[%clk 1:13:07]} 24. Rhc1 {[%clk 0:17:12]}  Rhe8 {[%clk 1:11:52]} 25. Nd1 {[%clk 0:12:40]}  Nd7 {[%clk 1:06:58]} 26. Qf1 {[%clk 0:12:12]}  c5 {[%clk 1:04:15]} 27. dxc5 {[%clk 0:09:43]}  Bxc5 {[%clk 1:04:00]} 28. Qxh3 {[%clk 0:08:46]}  Bxe3 {[%clk 1:02:25]} 29. Nxe3 {[%clk 0:09:10]}  Rxe3 {[%clk 1:02:51]} 30. Bf1 {[%clk 0:08:39]}  d4 {[%clk 1:01:31]} 31. Rd1 {[%clk 0:06:10]}  Nc5 {[%clk 0:56:18]} 32. a3 {[%clk 0:04:15]}  d3 {[%clk 0:54:52]} 33. Rc3 {[%clk 0:02:47]}  Qa4 {[%clk 0:53:42]} 34. Rd2 {[%clk 0:03:05]}  Ne4 {[%clk 0:52:32]} 35. Rcxd3 {[%clk 0:01:28]}  Nxd2+ {[%clk 0:52:54]} 36. Rxd2 {[%clk 0:01:55]}  Rxd2 {[%clk 0:53:01]} 37. b4 {[%clk 0:02:21]}  Re1# {[%clk 0:53:24]} 0-1

[Event "Open"]
[Site "Maastricht, NL"]
[Date "2025.06.07"]
[Round "3"]
[White "Barzen, Pascal"]
[Black "Koster, Chiel"]
[Result "1-0"]
[Board "6"]
[WhiteFideId "24653497"]
[BlackFideId "1047990"]
[WhiteTitle "FM"]
[WhiteElo "2348"]
[BlackElo "2141"]
[WhiteTeam "GER"]
[BlackTeam "NED"]
[WhiteClock "0:20:14"]
[BlackClock "0:47:08"]
[Variant "Standard"]

1. e4 {[%clk 1:28:07]}  c5 {[%clk 1:30:55]} 2. Nf3 {[%clk 1:28:24]}  Nc6 {[%clk 1:31:21]} 3. Nc3 {[%clk 1:28:44]}  Nf6 {[%clk 1:31:45]} 4. Bb5 {[%clk 1:28:46]}  g6 {[%clk 1:30:43]} 5. e5 {[%clk 1:28:13]}  Ng4 {[%clk 1:30:49]} 6. Bxc6 {[%clk 1:28:06]}  dxc6 {[%clk 1:30:56]} 7. O-O {[%clk 1:27:59]}  Bg7 {[%clk 1:29:52]} 8. Re1 {[%clk 1:28:04]}  O-O {[%clk 1:29:32]} 9. d3 {[%clk 1:28:11]}  f6 {[%clk 1:26:20]} 10. exf6 {[%clk 1:22:11]}  exf6 {[%clk 1:25:18]} 11. Bf4 {[%clk 1:10:48]}  g5 {[%clk 1:23:56]} 12. Bd2 {[%clk 1:08:21]}  Nh6 {[%clk 1:23:28]} 13. Ne4 {[%clk 1:05:59]}  Nf5 {[%clk 1:18:46]} 14. Bc3 {[%clk 1:05:10]}  b6 {[%clk 1:18:23]} 15. Nfd2 {[%clk 0:59:01]}  Nd4 {[%clk 1:16:25]} 16. Ng3 {[%clk 0:54:44]}  f5 {[%clk 1:09:24]} 17. Nh5 {[%clk 0:52:31]}  Bh8 {[%clk 1:07:45]} 18. f4 {[%clk 0:43:06]}  g4 {[%clk 1:03:44]} 19. Nc4 {[%clk 0:42:03]}  Be6 {[%clk 1:02:25]} 20. Ne5 {[%clk 0:41:20]}  Qd6 {[%clk 0:59:48]} 21. Re3 {[%clk 0:34:28]}  Rae8 {[%clk 0:57:35]} 22. Qd2 {[%clk 0:26:02]}  Bf7 {[%clk 0:48:56]} 23. Nxf7 {[%clk 0:24:54]}  Kxf7 {[%clk 0:49:21]} 24. Rae1 {[%clk 0:24:50]}  Rxe3 {[%clk 0:49:13]} 25. Rxe3 {[%clk 0:25:05]}  Kg6 {[%clk 0:47:48]} 26. Ng3 {[%clk 0:23:32]}  Qxf4 {[%clk 0:46:53]} 27. Ne2 {[%clk 0:17:48]}  Qd6 {[%clk 0:45:47]} 28. Bxd4 {[%clk 0:17:55]}  cxd4 {[%clk 0:46:01]} 29. Re6+ {[%clk 0:18:13]}  Qxe6 {[%clk 0:46:11]} 30. Nf4+ {[%clk 0:18:39]}  Kf6 {[%clk 0:46:16]} 31. Nxe6 {[%clk 0:19:04]}  Kxe6 {[%clk 0:46:21]} 32. Qh6+ {[%clk 0:19:19]}  Ke7 {[%clk 0:45:28]} 33. Qxh7+ {[%clk 0:19:31]}  Ke8 {[%clk 0:45:47]} 34. Qxa7 {[%clk 0:19:22]}  f4 {[%clk 0:45:47]} 35. Qxb6 {[%clk 0:19:16]}  f3 {[%clk 0:46:00]} 36. Qxc6+ {[%clk 0:19:41]}  Ke7 {[%clk 0:46:23]} 37. Qe4+ {[%clk 0:19:23]}  Kd6 {[%clk 0:46:34]} 38. Qxg4 {[%clk 0:19:30]}  f2+ {[%clk 0:46:51]} 39. Kf1 {[%clk 0:19:57]}  Be5 {[%clk 0:47:08]} 40. g3 {[%clk 0:20:14]} 1-0

[Event "Open"]
[Site "Maastricht, NL"]
[Date "2025.06.07"]
[Round "3"]
[White "Keetman, Maaike"]
[Black "Smeets, Kobe"]
[Result "0-1"]
[Board "7"]
[WhiteFideId "1033697"]
[BlackFideId "1063910"]
[WhiteTitle "WFM"]
[BlackTitle "FM"]
[WhiteElo "2134"]
[BlackElo "2323"]
[WhiteTeam "NED"]
[BlackTeam "NED"]
[WhiteClock "0:10:16"]
[BlackClock "0:30:28"]
[Variant "Standard"]

1. e4 {[%clk 1:28:27]}  e5 {[%clk 1:30:43]} 2. Nf3 {[%clk 1:28:40]}  Nc6 {[%clk 1:31:05]} 3. Bb5 {[%clk 1:29:01]}  a6 {[%clk 1:31:25]} 4. Ba4 {[%clk 1:29:18]}  Nf6 {[%clk 1:31:33]} 5. d3 {[%clk 1:29:30]}  d6 {[%clk 1:31:56]} 6. c3 {[%clk 1:29:43]}  g6 {[%clk 1:32:17]} 7. O-O {[%clk 1:29:55]}  Bg7 {[%clk 1:32:40]} 8. h3 {[%clk 1:30:03]}  O-O {[%clk 1:32:51]} 9. Re1 {[%clk 1:30:26]}  Re8 {[%clk 1:29:32]} 10. Be3 {[%clk 1:28:37]}  b5 {[%clk 1:27:04]} 11. Bc2 {[%clk 1:28:39]}  d5 {[%clk 1:25:42]} 12. Nbd2 {[%clk 1:25:55]}  Bb7 {[%clk 1:23:38]} 13. Qe2 {[%clk 1:17:56]}  Qd7 {[%clk 1:18:25]} 14. Nb3 {[%clk 1:14:24]}  Qe7 {[%clk 1:10:35]} 15. a4 {[%clk 1:06:10]}  Nd8 {[%clk 1:02:18]} 16. Nc5 {[%clk 0:53:41]}  Bc6 {[%clk 0:56:52]} 17. b4 {[%clk 0:53:24]}  Nb7 {[%clk 0:54:37]} 18. axb5 {[%clk 0:41:59]}  axb5 {[%clk 0:54:46]} 19. Nxb7 {[%clk 0:42:11]}  Bxb7 {[%clk 0:55:07]} 20. Ba7 {[%clk 0:42:17]}  Qd7 {[%clk 0:53:08]} 21. Nd2 {[%clk 0:34:00]}  Qc6 {[%clk 0:40:40]} 22. Ra3 {[%clk 0:25:21]}  Nh5 {[%clk 0:38:14]} 23. exd5 {[%clk 0:16:00]}  Qxd5 {[%clk 0:38:22]} 24. Qe4 {[%clk 0:16:10]}  Nf4 {[%clk 0:34:03]} 25. c4 {[%clk 0:12:15]}  Qxe4 {[%clk 0:33:22]} 26. dxe4 {[%clk 0:12:37]}  Bf8 {[%clk 0:31:37]} 27. Rb1 {[%clk 0:10:57]}  Ne2+ {[%clk 0:31:51]} 28. Kf1 {[%clk 0:11:19]}  Nd4 {[%clk 0:32:17]} 29. Bd3 {[%clk 0:10:49]}  Nc6 {[%clk 0:31:44]} 30. cxb5 {[%clk 0:10:16]}  Rxa7 {[%clk 0:30:28]} 0-1